Intelectuales y Política en América Latina: el desencantamiento del espíritu crítico /
Αποθηκεύτηκε σε:
| Κύριος συγγραφέας: | |
|---|---|
| Άλλοι συγγραφείς: | |
| Μορφή: | Κείμενο |
| Έκδοση: |
Rosario:
Homo Sapiens
|
| Θέματα: | |
| Ετικέτες: |
Προσθήκη ετικέτας
Δεν υπάρχουν, Καταχωρήστε ετικέτα πρώτοι!
|
MARC
| LEADER | 00000 a a2200000 04500 | ||
|---|---|---|---|
| 001 | 31133 | ||
| 003 | |||
| 040 | |a CRAI/IIS |c CRAI/IIS | ||
| 020 | |a 950-808-395-6 | ||
| 090 | |a 197702 | ||
| 100 | |a Hofmeister, Wilhelm | ||
| 245 | |a Intelectuales y Política en América Latina: el desencantamiento del espíritu crítico / |c Wilhelm Hofmeister | ||
| 260 | |a Rosario: |b Homo Sapiens | ||
| 300 | |a 269 p. | ||
| 650 | |a INTELECTUALES | ||
| 650 | |a ELITE | ||
| 650 | |a CIENCIAS SOCIALES | ||
| 650 | |a LITERATURA | ||
| 650 | |a OPOSICION POLITICA | ||
| 700 | |a ed |a Mansilla, H. C. F. |a ed |a Chávez Zamorano, Omar |a Hernández Rodríguez, Rogelio |a Hollensteines, Stefan |a Jocelyn - Holt Letelier, Alfredo |a Quiroga, Hugo |a Ramos Jiménez, Alfredo |a Uricoechea Corena, Fernando |a Urrutia, Edmundo |a Arrosa Soa | ||
| 999 | |c 13115 |d 13115 | ||



